[Event "MNT Team Cup"]
[Site "Herceg Novi"]
[Date "2020.06.26"]
[Round "2.3"]
[White "Pecurica, Milos"]
[Black "Pejovic, Jovan"]
[Result "1-0"]
[WhiteElo "2351"]
[BlackElo "2202"]
[PlyCount "71"]
[EventDate "2020.06.25"]
[EventType "team-swiss"]
[EventRounds "5"]
[EventCountry "MNE"]
[SourceTitle "EXT 2021"]
[Source "ChessBase"]
[SourceDate "2020.10.23"]
[SourceVersion "1"]
[SourceVersionDate "2020.10.23"]
[SourceQuality "1"]
[WhiteTeam "Crnogorac"]
[BlackTeam "Mimoza"]
[WhiteTeamCountry "MNE"]
[BlackTeamCountry "MNE"]

1. d4 g6 2. c4 d6 3. Nf3 Nd7 4. e4 Bg7 5. Nc3 e5 6. Be2 Nh6 7. h4 f6 8. h5 Nf7 9. Be3 c6 10. Qc2 Bh6 11. Bxh6 Nxh6 12. hxg6 hxg6 13. Qd2 g5 14. 0-0-0 Qe7 15. Rh5 Nf7 16. Rxh8+ Nxh8 17. Rh1 Nf7 18. Rh7 Qf8 19. Nd1 Qg8 20. Rh1 g4 21. Nh2 g3 22. fxg3 Qxg3 23. Bh5 exd4 24. Ng4 d5 25. Rh3 Qd6 26. Bxf7+ Kxf7 27. Rh7+ Ke6 28. exd5+ cxd5 29. Qxd4 Qc5 30. Qxc5 Nxc5 31. cxd5+ Kxd5 32. Nc3+ Kc4 33. Nxf6 Bf5 34. Rh4+ Kd3 35. Rh5 Bg6 36. Rxc5 1-0

[Event "MNT-chT"]
[Site "Niksic"]
[Date "2016.08.09"]
[Round "4.6"]
[White "Miljanic, Boro"]
[Black "Pejovic, Jovan"]
[Result "1/2-1/2"]
[WhiteElo "2370"]
[BlackElo "2190"]
[PlyCount "87"]
[EventDate "2016.08.06"]
[EventType "team-tourn"]
[EventRounds "9"]
[EventCountry "MNE"]
[SourceTitle "CBM 173 Extra"]
[Source "ChessBase"]
[SourceDate "2016.08.29"]
[SourceVersion "1"]
[SourceVersionDate "2016.08.29"]
[SourceQuality "1"]

1. e4 e6 2. d4 d5 3. e5 c5 4. c3 Qb6 5. a3 Bd7 6. b4 cxd4 7. cxd4 Bb5 8. Bxb5+ Qxb5 9. Nc3 Qc6 10. Nge2 Nd7 11. b5 Qc7 12. a4 Nb6 13. a5 Nc4 14. Qa4 Qd7 15. 0-0 Rc8 16. Re1 Ne7 17. Ba3 Nxa3 18. Qxa3 Nf5 19. Qb3 Be7 20. b6 a6 21. Rec1 Rc4 22. Ra4 Rc6 23. Raa1 0-0 24. g4 Nh4 25. Na4 Rfc8 26. Rxc6 Rxc6 27. Rc1 Rxc1+ 28. Nxc1 Nf3+ 29. Qxf3 Qxa4 30. Nb3 Qc4 31. Qe3 Bb4 32. Kg2 h6 33. Qf3 Bc3 34. Qd1 Bb4 35. h4 Be7 36. Kg3 Bb4 37. h5 Bxa5 38. Nxa5 Qc3+ 39. Kg2 Qxa5 40. Qc2 Qxb6 41. Qc8+ Kh7 42. Qc2+ g6 43. hxg6+ fxg6 44. Qc8 1/2-1/2

[Event "MNT-chT"]
[Site "Cetinje"]
[Date "2013.06.26"]
[Round "3.6"]
[White "Draganic, Veljko"]
[Black "Pejovic, Jovan"]
[Result "0-1"]
[WhiteElo "2267"]
[BlackElo "2169"]
[PlyCount "68"]
[EventDate "2013.06.24"]
[EventType "team-tourn"]
[EventRounds "9"]
[EventCountry "MNE"]
[SourceTitle "CBM 155 Extra"]
[Source "ChessBase"]
[SourceDate "2013.08.26"]
[SourceVersion "1"]
[SourceVersionDate "2013.08.26"]
[SourceQuality "1"]
[WhiteTeam "Mimoza"]
[BlackTeam "Bijela Kruso Niskogradnja"]
[WhiteTeamCountry "MNE"]
[BlackTeamCountry "MNE"]

1. Nf3 d5 2. d4 c6 3. c4 Nf6 4. Nc3 a6 5. c5 Bf5 6. Qb3 Ra7 7. h3 h6 8. Bf4 Nbd7 9. e3 g5 10. Bh2 Bg7 11. Be2 Ne4 12. 0-0 0-0 13. Rad1 Bh7 14. Bd3 Nxc3 15. Qxc3 Bxd3 16. Rxd3 f5 17. Ne5 Nxe5 18. Bxe5 Bxe5 19. dxe5 e6 20. f4 Ra8 21. Qd4 Qe7 22. Rb3 Rf7 23. Rb6 Rg7 24. Kh2 g4 25. hxg4 Qh4+ 26. Kg1 Qxg4 27. Rf2 Rf8 28. Qd2 Rff7 29. Qe2 Qh4 30. Rf3 Qh5 31. Rf2 Rg4 32. Rf3 Rfg7 33. Qf2 Rxg2+ 34. Qxg2 Qxf3 0-1

[Event "MNT-chT"]
[Site "Tivat"]
[Date "2011.10.14"]
[Round "7.5"]
[White "Musovic, Armin"]
[Black "Pejovic, Jovan"]
[Result "1/2-1/2"]
[WhiteElo "2160"]
[BlackElo "2181"]
[PlyCount "75"]
[EventDate "2011.10.08"]
[EventType "team-tourn"]
[EventRounds "9"]
[EventCountry "MNE"]
[SourceTitle "CBM 144 Extra"]
[Source "ChessBase"]
[SourceDate "2011.10.28"]
[SourceVersion "1"]
[SourceVersionDate "2011.10.28"]
[SourceQuality "1"]
[WhiteTeam "Bijelo Polje Djurdjic"]
[BlackTeam "Herceg Novi Bijela"]
[WhiteTeamCountry "MNE"]
[BlackTeamCountry "MNE"]

1. e4 e6 2. d4 d5 3. e5 c5 4. c3 Ne7 5. Nf3 Nec6 6. Bd3 b6 7. 0-0 Ba6 8. Bxa6 Nxa6 9. Qa4 Nab8 10. a3 c4 11. Re1 Be7 12. Nbd2 Qd7 13. Qc2 Na5 14. Nf1 Nb3 15. Rb1 Nc6 16. Bg5 h6 17. Bxe7 Qxe7 18. N1d2 Nxd2 19. Nxd2 g6 20. f4 h5 21. Re2 Qd7 22. Rf1 Kf8 23. Rff2 Kg7 24. Nf1 Ne7 25. Ne3 Nf5 26. Nxf5+ exf5 27. Re3 b5 28. Qe2 Rhe8 29. Qf3 a5 30. Rfe2 Qe6 31. Qg3 Rab8 32. Qh4 b4 33. axb4 axb4 34. h3 bxc3 35. bxc3 Rb1+ 36. Re1 Reb8 37. Rxb1 Rxb1+ 38. Kh2 1/2-1/2

[Event "MNT-chT"]
[Site "Tivat"]
[Date "2011.10.10"]
[Round "3.3"]
[White "Potpara, Nikola"]
[Black "Pejovic, Jovan"]
[Result "1-0"]
[WhiteElo "2181"]
[BlackElo "2181"]
[PlyCount "123"]
[EventDate "2011.10.08"]
[EventType "team-tourn"]
[EventRounds "9"]
[EventCountry "MNE"]
[SourceTitle "CBM 144 Extra"]
[Source "ChessBase"]
[SourceDate "2011.10.28"]
[SourceVersion "1"]
[SourceVersionDate "2011.10.28"]
[SourceQuality "1"]
[WhiteTeam "Bar Rumija"]
[BlackTeam "Herceg Novi Bijela"]
[WhiteTeamCountry "MNE"]
[BlackTeamCountry "MNE"]

1. d4 d6 2. c4 e5 3. Nf3 Nd7 4. Nc3 g6 5. e4 Bg7 6. Be2 Nh6 7. h4 f6 8. h5 Nf7 9. Be3 Bh6 10. Bxh6 Nxh6 11. hxg6 hxg6 12. Qd2 g5 13. 0-0-0 c6 14. dxe5 dxe5 15. Nxe5 fxe5 16. Qd6 Nf7 17. Rxh8+ Nxh8 18. Bh5+ Nf7 19. Qe6+ Qe7 20. Bxf7+ Kf8 21. Rh1 Qxe6 22. Bxe6 Ke7 23. Bf5 Nf8 24. Rh5 Kf6 25. Rh6+ Ke7 26. f3 Bd7 27. Bxd7 Kxd7 28. Rh5 Ne6 29. Rh7+ Kd6 30. Rxb7 Rh8 31. b4 Nd4 32. Rg7 Rh1+ 33. Kb2 Rg1 34. Rxg5 Nxf3 35. Rg6+ Kd7 36. Na4 Ne1 37. Nc5+ Kd8 38. Rg8+ Ke7 39. Rg7+ Kf6 40. Rxa7 Rxg2+ 41. Kb3 Nf3 42. a4 Nd4+ 43. Kc3 Rg3+ 44. Nd3 Rg2 45. b5 Rc2+ 46. Kb4 Rd2 47. Nc5 Rb2+ 48. Ka5 cxb5 49. axb5 Ra2+ 50. Kb6 Rc2 51. Rc7 Kg5 52. Ka7 Ra2+ 53. Na6 Nc2 54. Kb7 Kf4 55. Nc5 Na3 56. b6 Rc2 57. Ne6+ Kxe4 58. c5 Kd5 59. Kc8 Kxe6 60. b7 Rh2 61. Rd7 Rb2 62. Rd6+ 1-0

[Event "MNT CupT"]
[Site "Tivat"]
[Date "2011.04.29"]
[Round "2"]
[White "Draskovic, Luka"]
[Black "Pejovic, Jovan"]
[Result "1/2-1/2"]
[WhiteElo "2129"]
[BlackElo "2180"]
[PlyCount "48"]
[EventDate "2011.04.28"]
[EventType "team-tourn"]
[EventRounds "5"]
[EventCountry "MNE"]
[SourceTitle "CBM 142 Extra"]
[Source "ChessBase"]
[SourceDate "2011.06.27"]
[SourceVersion "1"]
[SourceVersionDate "2011.06.27"]
[SourceQuality "1"]

1. e4 e6 2. d4 d5 3. Nc3 Bb4 4. e5 Qd7 5. a3 Bxc3+ 6. bxc3 b6 7. Qg4 f5 8. Qh5+ Qf7 9. Qf3 Ba6 10. Bxa6 Nxa6 11. Ne2 Ne7 12. h4 0-0 13. Nf4 c5 14. Bd2 cxd4 15. cxd4 Rac8 16. Qd3 Rc4 17. c3 Nb8 18. Rh3 Nbc6 19. Rg3 Na5 20. Rb1 Rc7 21. Kf1 Nc4 22. Bc1 Rfc8 23. Kg1 Nc6 24. Qe2 Kh8 1/2-1/2

[Event "MNT CupT"]
[Site "Tivat"]
[Date "2011.04.28"]
[Round "1"]
[White "Pavlovic, Dejan S"]
[Black "Pejovic, Jovan"]
[Result "1-0"]
[WhiteElo "2431"]
[BlackElo "2180"]
[PlyCount "96"]
[EventDate "2011.04.28"]
[EventType "team-tourn"]
[EventRounds "5"]
[EventCountry "MNE"]
[SourceTitle "CBM 142 Extra"]
[Source "ChessBase"]
[SourceDate "2011.06.27"]
[SourceVersion "1"]
[SourceVersionDate "2011.06.27"]
[SourceQuality "1"]

1. e4 c6 2. d4 d5 3. e5 Bf5 4. h4 h5 5. c4 e6 6. Nc3 Nd7 7. Nge2 Ne7 8. Bg5 Qb6 9. Qd2 dxc4 10. Ng3 Bg6 11. Bxc4 Nf5 12. Nxf5 Bxf5 13. 0-0 Be7 14. Bxe7 Kxe7 15. Bd3 g6 16. Ne2 Kf8 17. Bxf5 gxf5 18. Nf4 a5 19. Rfd1 Ke7 20. Nh3 Rab8 21. Ng5 Qb4 22. Qc2 Nb6 23. Rd3 a4 24. a3 Qc4 25. Qd1 Nd5 26. b3 axb3 27. Rxb3 Qa6 28. Qc2 Rbd8 29. Qc5+ Ke8 30. Rab1 Rd7 31. g3 Kd8 32. Nxf7+ Rxf7 33. Qd6+ Rd7 34. Qb8+ Ke7 35. Qxh8 b5 36. Qxh5 Qa4 37. Qg5+ Ke8 38. Qd2 Nb6 39. Rd3 Nc4 40. Qc3 f4 41. Rb4 Qa6 42. gxf4 Rf7 43. Rf3 Rf5 44. Qd3 Kd7 45. a4 Qa5 46. Qc3 Nb6 47. axb5 cxb5 48. Qc5 Nd5 1-0

[Event "MNT-chT"]
[Site "Cetinje"]
[Date "2010.10.09"]
[Round "8"]
[White "Pejovic, Jovan"]
[Black "Luksic, Vladimir"]
[Result "1-0"]
[WhiteElo "2205"]
[BlackElo "2100"]
[PlyCount "85"]
[EventDate "2010.08.27"]
[EventType "team-tourn"]
[EventRounds "9"]
[EventCountry "MNE"]
[SourceTitle "CBM 138 Extra"]
[Source "ChessBase"]
[SourceDate "2010.10.29"]
[SourceVersion "1"]
[SourceVersionDate "2010.10.29"]
[SourceQuality "1"]

1. d4 Nf6 2. c4 c5 3. d5 e5 4. Nc3 d6 5. e4 Be7 6. Bd3 Nbd7 7. h3 Nf8 8. Nf3 Ng6 9. Be3 0-0 10. Qd2 a6 11. a4 b6 12. g4 Rb8 13. Rb1 Ne8 14. b4 Bd7 15. b5 a5 16. Kd1 Nh4 17. Nxh4 Bxh4 18. Kc2 f6 19. f4 exf4 20. Bxf4 Qe7 21. Qh2 Rd8 22. Rbf1 Bc8 23. Rf3 Rd7 24. Rhf1 h6 25. Ne2 Qd8 26. Bd2 Rff7 27. Bc3 Ra7 28. Nf4 f5 29. Ne6 Qe7 30. gxf5 Bf6 31. Qd2 Bxc3 32. Qxc3 Qf6 33. Rg3 Qxc3+ 34. Kxc3 Nf6 35. Rfg1 Kh8 36. Kd2 Rae7 37. Rg6 Bxe6 38. dxe6 Rf8 39. Ke3 Rd8 40. Be2 Rb8 41. Bf3 Rc8 42. Rd1 Ne8 43. Bg2 1-0

[Event "MNT-chT"]
[Site "Cetinje"]
[Date "2010.09.11"]
[Round "5"]
[White "Karisik, Nenad"]
[Black "Pejovic, Jovan"]
[Result "1/2-1/2"]
[WhiteElo "2028"]
[BlackElo "2205"]
[PlyCount "125"]
[EventDate "2010.08.27"]
[EventType "team-tourn"]
[EventRounds "9"]
[EventCountry "MNE"]
[SourceTitle "CBM 138 Extra"]
[Source "ChessBase"]
[SourceDate "2010.10.29"]
[SourceVersion "1"]
[SourceVersionDate "2010.10.29"]
[SourceQuality "1"]

1. e4 e6 2. d4 d5 3. Nc3 Bb4 4. e5 c5 5. a3 Bxc3+ 6. bxc3 Qc7 7. Nf3 Ne7 8. Bd3 b6 9. a4 Ba6 10. Bxa6 Nxa6 11. 0-0 Nb8 12. a5 bxa5 13. Ba3 Nd7 14. Ne1 cxd4 15. cxd4 Nb6 16. Bd6 Qd8 17. Nd3 Nc4 18. Bc5 0-0 19. Rb1 Qd7 20. Nb2 Nxb2 21. Rxb2 Rfb8 22. Qb1 Rxb2 23. Qxb2 Nc8 24. Qa3 a4 25. Ra1 Nb6 26. Qb4 Qc6 27. Ra3 Nc4 28. Rg3 a3 29. Qb3 g6 30. h4 Qc7 31. h5 Rb8 32. Qa4 Nxe5 33. Rb3 Nc4 34. h6 Rc8 35. Qa6 Re8 36. Qa4 Rd8 37. Bxa3 a5 38. Bc1 f6 39. Rb5 Kf7 40. g3 Rd7 41. Qb3 e5 42. dxe5 Qxe5 43. Bf4 Qe1+ 44. Kg2 g5 45. Rb7 Qe7 46. Rxd7 Qxd7 47. Qd3 Kg8 48. Be3 a4 49. Bd4 Qe6 50. Bxf6 Qe4+ 51. f3 Qxd3 52. cxd3 Na5 53. Bb2 Kf7 54. Kh3 Kg6 55. Kg4 Nb3 56. f4 Nc5 57. f5+ Kxh6 58. Ba3 Nd7 59. Bb2 Nc5 60. Ba3 Nd7 61. Bb2 Nc5 62. Ba3 Nd7 63. Bb2 1/2-1/2

[Event "MNT-chT"]
[Site "Cetinje"]
[Date "2010.08.27"]
[Round "1"]
[White "Pejovic, Jovan"]
[Black "Kisic, Bozidar"]
[Result "0-1"]
[WhiteElo "2205"]
[BlackElo "1768"]
[PlyCount "58"]
[EventDate "2010.08.27"]
[EventType "team-tourn"]
[EventRounds "9"]
[EventCountry "MNE"]
[SourceTitle "CBM 138 Extra"]
[Source "ChessBase"]
[SourceDate "2010.10.29"]
[SourceVersion "1"]
[SourceVersionDate "2010.10.29"]
[SourceQuality "1"]

1. d4 d5 2. c4 c6 3. cxd5 cxd5 4. Nf3 Nf6 5. Nc3 Nc6 6. Bf4 a6 7. e3 Bg4 8. Qb3 b5 9. Ne5 Na5 10. Qc2 Nc4 11. Bd3 e6 12. Nxg4 Nxg4 13. e4 g5 14. Bg3 Rc8 15. 0-0 dxe4 16. Bxe4 Nd6 17. Bf3 Nf6 18. Qe2 h5 19. h3 Be7 20. a3 Rc4 21. Be5 Nf5 22. Rad1 Rh6 23. d5 Qd7 24. dxe6 Qxe6 25. Rfe1 g4 26. hxg4 hxg4 27. Bd5 Nxd5 28. Nxd5 g3 29. Nxe7 Rh1+ 0-1

[Event "MNT-chT"]
[Site "Cetinje"]
[Date "2009.10.10"]
[Round "5"]
[White "Knezevic, Milorad J"]
[Black "Pejovic, Jovan"]
[Result "0-1"]
[WhiteElo "2212"]
[BlackElo "2196"]
[PlyCount "90"]
[EventDate "2009.09.18"]
[EventType "team-tourn"]
[EventRounds "9"]
[EventCountry "MNE"]
[SourceTitle "EXT 2011"]
[Source "ChessBase"]
[SourceDate "2010.11.26"]
[SourceVersion "1"]
[SourceVersionDate "2010.11.26"]
[SourceQuality "1"]

1. e4 c6 2. d4 d5 3. e5 Bf5 4. Bd3 Bxd3 5. Qxd3 Qa5+ 6. c3 Qa6 7. Qc2 e6 8. Ne2 Ne7 9. 0-0 h5 10. Bg5 Nd7 11. Nf4 Nf5 12. Nd2 Be7 13. Bxe7 Kxe7 14. Rfe1 g6 15. Nd3 b6 16. Nf3 c5 17. Qd2 Kf8 18. Nf4 Rc8 19. b3 cxd4 20. cxd4 Kg7 21. Rac1 Rxc1 22. Rxc1 Rc8 23. h3 Rxc1+ 24. Qxc1 Qb7 25. Qd2 Nf8 26. Qc3 Ne7 27. Ng5 Qc8 28. Qd2 Nc6 29. Qc3 Ne7 30. Qd2 Nc6 31. Kh2 Qd8 32. h4 Ne7 33. Qc3 Nf5 34. g3 Qd7 35. a4 a5 36. Qd3 Qc6 37. Ne2 Nd7 38. g4 hxg4 39. h5 gxh5 40. Ng3 Kg6 41. Qd2 f6 42. exf6 Nxf6 43. Ne2 Ne4 44. Nxe4 dxe4 45. Nf4+ Kf7 0-1

[Event "MNT-chT"]
[Site "Cetinje"]
[Date "2009.09.20"]
[Round "3"]
[White "Mitrovic, Stevan"]
[Black "Pejovic, Jovan"]
[Result "1/2-1/2"]
[WhiteElo "2060"]
[BlackElo "2196"]
[PlyCount "129"]
[EventDate "2009.09.18"]
[EventType "team-tourn"]
[EventRounds "9"]
[EventCountry "MNE"]
[SourceTitle "EXT 2011"]
[Source "ChessBase"]
[SourceDate "2010.11.26"]
[SourceVersion "1"]
[SourceVersionDate "2010.11.26"]
[SourceQuality "1"]

1. e4 c6 2. d4 d5 3. exd5 cxd5 4. Nf3 Nf6 5. Bf4 Nc6 6. c3 a6 7. Nbd2 Bf5 8. Nh4 Bg4 9. Nhf3 e6 10. Be2 Be7 11. Ne5 Bxe2 12. Qxe2 Rc8 13. 0-0 0-0 14. Qd3 Nxe5 15. Bxe5 Nd7 16. Bg3 Rc6 17. Rfe1 b5 18. a3 Nb6 19. Re2 Nc4 20. Nf3 a5 21. Ne5 Nxe5 22. Bxe5 Qb6 23. Bf4 b4 24. axb4 axb4 25. h3 bxc3 26. bxc3 Rfc8 27. Bd2 Qb3 28. Ree1 Qc4 29. Qxc4 Rxc4 30. Kf1 R8c7 31. Reb1 Kf8 32. Ke2 Ke8 33. Rb3 Kd7 34. Kd3 Bd6 35. Ra6 h5 36. Rxd6+ Kxd6 37. Bf4+ Kd7 38. Bxc7 Rxc7 39. Rb8 Ra7 40. Rb2 Ke7 41. g3 Kf6 42. Ke2 Rc7 43. Rb3 Ra7 44. Kf3 g5 45. Rb6 Rc7 46. Rb3 Kg6 47. Ra3 Kf5 48. g4+ hxg4+ 49. hxg4+ Kg6 50. Kg3 Rc8 51. Rb3 Ra8 52. Rb6 Rc8 53. Rb3 Rc6 54. Ra3 Rd6 55. Ra5 Rc6 56. Ra3 f5 57. f4 Kf6 58. Kf3 Rc8 59. gxf5 Kxf5 60. fxg5 Kxg5 61. Ke3 Kf5 62. Kd3 Rh8 63. Ra6 Rh3+ 64. Kd2 Rh2+ 65. Kd3 1/2-1/2

[Event "MNT CupT"]
[Site "Montenegro"]
[Date "2009.04.12"]
[Round "2"]
[White "Pejovic, Jovan"]
[Black "Milovic, Jovan"]
[Result "0-1"]
[WhiteElo "2213"]
[BlackElo "2280"]
[PlyCount "119"]
[EventDate "2009.04.05"]
[EventType "team"]
[EventRounds "5"]
[EventCountry "MNE"]
[SourceTitle "EXT 2019"]
[Source "ChessBase"]
[SourceDate "2018.10.10"]
[SourceVersion "1"]
[SourceVersionDate "2018.10.10"]
[SourceQuality "1"]

1. d4 c5 2. c3 e6 3. Nf3 Nf6 4. a3 b6 5. Bf4 Be7 6. h3 0-0 7. e3 Ba6 8. Bxa6 Nxa6 9. 0-0 d5 10. Ne5 Nb8 11. Nd2 Nfd7 12. Nef3 Nc6 13. b4 Rc8 14. Bh2 cxd4 15. cxd4 b5 16. Qe2 Qb6 17. Nb3 a5 18. Nc5 Nf6 19. Rab1 axb4 20. axb4 Rfd8 21. Rfc1 Ne4 22. Ne1 Ra8 23. Ned3 Ra3 24. Nxe4 dxe4 25. Nc5 Rda8 26. Qc2 Bxc5 27. bxc5 Qa6 28. Qxe4 b4 29. d5 exd5 30. Qxd5 Rd3 31. Qe4 b3 32. Bc7 h6 33. Bb6 Qb5 34. Kh2 Rd2 35. Rxb3 Qxb3 36. Qxc6 Raa2 37. Qe8+ Kh7 38. Qe4+ g6 39. Rb1 Qc3 40. Rf1 Rxf2 41. Rxf2 Rxf2 42. c6 Rf6 43. Bd4 Qxc6 44. Qxc6 Rxc6 45. g4 Rc1 46. Kg2 Kg8 47. Be5 Kf8 48. Bf4 Kg7 49. Be5+ f6 50. Bd4 Kf7 51. Kg3 Ke6 52. Bb2 Rg1+ 53. Kf3 h5 54. gxh5 gxh5 55. Bd4 h4 56. Bb6 Rg3+ 57. Kf2 Rxh3 58. Bc7 Kf5 59. Bf4 Ke4 60. Kg2 0-1

[Event "EU-ch 10th"]
[Site "Budva"]
[Date "2009.03.17"]
[Round "11"]
[White "Pejovic, Jovan"]
[Black "Pilaj, Herwig"]
[Result "0-1"]
[WhiteElo "2214"]
[BlackElo "2393"]
[PlyCount "74"]
[EventDate "2009.03.06"]
[EventType "swiss"]
[EventRounds "11"]
[EventCountry "MNE"]
[SourceTitle "CBM 130"]
[Source "ChessBase"]
[SourceDate "2009.05.20"]
[SourceVersion "1"]
[SourceVersionDate "2009.05.20"]
[SourceQuality "1"]

1. g3 c5 2. Bg2 Nc6 3. d3 g6 4. e4 Bg7 5. Nh3 e5 6. Nd2 Nge7 7. f4 d6 8. 0-0 exf4 9. gxf4 f5 10. c3 h6 11. Nc4 0-0 12. Ne3 Be6 13. Nd5 Qd7 14. Nf2 Bf7 15. c4 Nd4 16. Rb1 Nxd5 17. cxd5 Rac8 18. Be3 Qe7 19. Qd2 Rfe8 20. Rbe1 Qd7 21. Nd1 Qa4 22. b3 Qb4 23. Qf2 Re7 24. Kh1 Rce8 25. Bd2 Qb5 26. Qg3 Nc2 27. Nc3 Qa5 28. Nb1 Qxa2 29. Rc1 Nd4 30. Rfe1 Qxb3 31. e5 dxe5 32. d6 exf4 33. Bxf4 Rxe1+ 34. Rxe1 Rxe1+ 35. Qxe1 Qe6 36. Qa5 b6 37. Qd2 g5 0-1

[Event "EU-ch 10th"]
[Site "Budva"]
[Date "2009.03.15"]
[Round "9"]
[White "Pejovic, Jovan"]
[Black "Stamatovic, Vladimir"]
[Result "1-0"]
[WhiteElo "2214"]
[BlackElo "1974"]
[PlyCount "65"]
[EventDate "2009.03.06"]
[EventType "swiss"]
[EventRounds "11"]
[EventCountry "MNE"]
[SourceTitle "CBM 130"]
[Source "ChessBase"]
[SourceDate "2009.05.20"]
[SourceVersion "1"]
[SourceVersionDate "2009.05.20"]
[SourceQuality "1"]

1. d4 Nf6 2. c4 g6 3. Nc3 Bg7 4. e4 d6 5. f3 0-0 6. Bg5 h6 7. Be3 Nbd7 8. Nh3 e5 9. d5 Kh7 10. g4 Ng8 11. Qd2 f5 12. gxf5 gxf5 13. exf5 Nc5 14. b4 Na6 15. a3 Bxf5 16. Nf2 Qh4 17. 0-0-0 Nb8 18. Nfe4 Bg6 19. Qg2 Nd7 20. Rg1 Ne7 21. Bd3 Rg8 22. Qd2 Nf6 23. Rg2 Bf5 24. Rdg1 Bh8 25. Ng3 Bg6 26. Qc2 e4 27. Ncxe4 Nxe4 28. Nxe4 Qh5 29. f4 Qf5 30. Ng5+ hxg5 31. Bxf5 Bxf5 32. Qe2 g4 33. h3 1-0

[Event "MNT-chT1"]
[Site "Podgorica"]
[Date "2008.10.12"]
[Round "5"]
[White "Vujadinovic, Zeljko"]
[Black "Pejovic, Jovan"]
[Result "1/2-1/2"]
[WhiteElo "1918"]
[BlackElo "2214"]
[PlyCount "56"]
[EventDate "2008.09.07"]
[EventType "team-tourn"]
[EventRounds "9"]
[EventCountry "MNE"]
[SourceTitle "EXT 2010"]
[Source "ChessBase"]
[SourceDate "2010.11.25"]
[SourceVersion "1"]
[SourceVersionDate "2010.11.25"]
[SourceQuality "1"]

1. d4 g6 2. Nf3 Bg7 3. c4 d6 4. Nc3 Nd7 5. Bg5 f6 6. Bd2 e5 7. e3 Nh6 8. Be2 Nf7 9. 0-0 f5 10. b4 0-0 11. Qb3 e4 12. Ne1 c6 13. a4 a6 14. a5 g5 15. f3 exf3 16. Rxf3 Nf6 17. Bd3 Nh6 18. Qc2 Be6 19. g3 Qe7 20. Ng2 Nh5 21. Raf1 Kh8 22. Kh1 Rf7 23. e4 fxe4 24. Bxe4 Rxf3 25. Bxf3 Bxd4 26. Ne2 Be5 27. h4 Qg7 28. hxg5 Nf7 1/2-1/2

[Event "MNT CupT"]
[Site "Podgorica"]
[Date "2008.03.23"]
[Round "2"]
[White "Ljubisa, Mitar"]
[Black "Pejovic, Jovan"]
[Result "1/2-1/2"]
[WhiteElo "2043"]
[BlackElo "2213"]
[PlyCount "58"]
[EventDate "2008.03.16"]
[EventType "team-tourn"]
[EventRounds "5"]
[EventCountry "MNE"]
[SourceTitle "EXT 2009"]
[Source "ChessBase"]
[SourceDate "2008.11.26"]
[SourceVersion "1"]
[SourceVersionDate "2008.11.26"]
[SourceQuality "1"]

1. d4 g6 2. c4 d6 3. e4 Nd7 4. Nc3 e5 5. d5 a5 6. Nf3 Nc5 7. Be3 Bg7 8. Qc2 Nh6 9. Be2 f5 10. Bg5 Qd7 11. h3 Nf7 12. Be3 0-0 13. Ng5 Nxg5 14. Bxg5 f4 15. f3 Bf6 16. Bxf6 Rxf6 17. h4 Qg7 18. Qd2 Bd7 19. 0-0-0 Na4 20. Nxa4 Bxa4 21. Rdg1 b6 22. g4 fxg3 23. Rxg3 h6 24. Rhg1 Kh7 25. Bd3 Be8 26. Bb1 Bd7 27. Bd3 Be8 28. Bb1 Bd7 29. Bd3 Be8 1/2-1/2

[Event "MNT-chT"]
[Site "Herceg Novi"]
[Date "2007.09.07"]
[Round "5"]
[White "Pejovic, Jovan"]
[Black "Ceranic, Miodrag"]
[Result "1-0"]
[WhiteElo "2193"]
[BlackElo "2143"]
[PlyCount "84"]
[EventDate "2007.09.03"]
[EventType "team-tourn"]
[EventRounds "9"]
[EventCountry "MNE"]
[SourceTitle "CBM 120 Extra"]
[Source "ChessBase"]
[SourceDate "2007.11.01"]
[SourceVersion "1"]
[SourceVersionDate "2007.11.01"]
[SourceQuality "1"]

1. c3 c5 2. g3 d5 3. Bg2 Nc6 4. d3 e5 5. Nd2 Be6 6. e4 Nf6 7. Nh3 dxe4 8. dxe4 h6 9. f3 Qb6 10. Nf2 Be7 11. Qe2 0-0 12. Bh3 Bxh3 13. Nxh3 a6 14. Nc4 Qc7 15. Ne3 Rfd8 16. Nf2 Bf8 17. Nfg4 Nxg4 18. fxg4 b5 19. 0-0 c4 20. Nd5 Qb7 21. Qf3 Rd6 22. g5 hxg5 23. Bxg5 Re8 24. Rad1 Rg6 25. Be3 Nd8 26. h4 Qc8 27. h5 Rc6 28. Kg2 Ree6 29. Rh1 Nb7 30. Rdf1 Qe8 31. Rh4 Be7 32. Rh3 Nc5 33. h6 gxh6 34. Bxc5 Bxc5 35. Rh5 Kg7 36. Rf5 f6 37. Nxf6 Qd8 38. Qg4+ Kh8 39. Qg6 Rxf6 40. Rxf6 Qd2+ 41. Kh1 Rxf6 42. Qxf6+ Kg8 1-0

[Event "MNT-chT"]
[Site "Herceg Novi"]
[Date "2007.09.05"]
[Round "3"]
[White "Pejovic, Jovan"]
[Black "Kalezic, Blazo"]
[Result "0-1"]
[WhiteElo "2193"]
[BlackElo "2396"]
[PlyCount "74"]
[EventDate "2007.09.03"]
[EventType "team-tourn"]
[EventRounds "9"]
[EventCountry "MNE"]
[SourceTitle "CBM 120 Extra"]
[Source "ChessBase"]
[SourceDate "2007.11.01"]
[SourceVersion "1"]
[SourceVersionDate "2007.11.01"]
[SourceQuality "1"]

1. c3 d5 2. g3 c6 3. Bg2 Bg4 4. d3 Nd7 5. f3 Bh5 6. Nh3 e5 7. e4 dxe4 8. dxe4 Ngf6 9. g4 Bg6 10. Nf2 Bc5 11. Qe2 h5 12. h3 Qe7 13. Be3 0-0-0 14. b4 Bxe3 15. Qxe3 Kb8 16. Bf1 Nf8 17. Bc4 N6d7 18. Nd2 f6 19. 0-0-0 Nb6 20. Bb3 Bf7 21. Kb2 Ne6 22. Nd3 g5 23. a4 Nf4 24. Nxf4 gxf4 25. Qe2 Bxb3 26. Kxb3 Qe6+ 27. c4 Rd7 28. a5 Nc8 29. Nb1 Rdh7 30. Rhf1 hxg4 31. hxg4 Nd6 32. Nc3 Rh2 33. Rxd6 Qxd6 34. Rd1 Rxe2 35. Rxd6 Re3 36. b5 cxb5 37. cxb5 Rc8 0-1

[Event "MNT-chT 1st"]
[Site "Herceg Novi"]
[Date "2006.09.30"]
[Round "9"]
[White "Pejovic, Jovan"]
[Black "Kosic, Dragan"]
[Result "0-1"]
[WhiteElo "2195"]
[BlackElo "2506"]
[PlyCount "106"]
[EventDate "2006.09.22"]
[EventType "team-tourn"]
[EventRounds "11"]
[EventCountry "MNE"]
[SourceTitle "CBM 114 Extra"]
[Source "ChessBase"]
[SourceDate "2006.11.03"]
[SourceVersion "1"]
[SourceVersionDate "2006.11.03"]
[SourceQuality "1"]

1. g3 d5 2. Bg2 c5 3. d3 Nc6 4. Nd2 e5 5. e4 d4 6. Nh3 g5 7. f3 h5 8. Nf2 h4 9. Bh3 Bxh3 10. Nxh3 hxg3 11. hxg3 Qd7 12. g4 f6 13. Nf1 Nge7 14. Ng3 Ng6 15. Nf5 0-0-0 16. Qe2 Qe6 17. b3 Rd7 18. Kf1 Rdh7 19. Kg2 Qg8 20. a3 Nh4+ 21. Nxh4 Rxh4 22. Qf2 Ne7 23. Qg3 Ng6 24. Bd2 R8h7 25. Rh2 b5 26. Qf2 c4 27. bxc4 bxc4 28. dxc4 Qxc4 29. Rhh1 Bc5 30. Qe1 Rc7 31. Nf2 Rxh1 32. Kxh1 Nh4 33. Qd1 Bb6 34. Rc1 Bc5 35. Bb4 Bxb4 36. axb4 Qxb4 37. Qd3 Qa4 38. Qd1 Rc3 39. Nd3 a5 40. Kh2 Qc4 41. Kg3 a4 42. Kf2 a3 43. Ne1 Ng6 44. Qe2 Nf4 45. Qxc4+ Rxc4 46. Ra1 Rc3 47. Kf1 Kc7 48. Kf2 Kc6 49. Rb1 a2 50. Ra1 Ra3 51. Nd3 Nxd3+ 52. cxd3 Kc5 53. f4 gxf4 0-1